A Hard Quiz - Statistics

General Stats
  • This quiz has been taken 33 times
  • The average score is 7 of 11
Answer Stats
Hint Answer % Correct
What year did the Berlin Wall fall? 1989
86%
What is Deer meat called? Venison
83%
What is a group of Crows called? A murder
79%
What does is the abbreviated form of Deoxyribonucleic Acid? DNA
79%
How many bones are in a Shark? 0
76%
How many colors are in a typical bag of M&Ms? 6
76%
What is the largest Island in the Mediterranean Sea? Sicily
69%
What are two things you can never eat for dinner? Breakfast and Lunch
66%
Who is the president of the USA who's featured on the $2 bill? Thomas Jefferson
45%
In what city were the first cases of Covid-19 found? Wuhan, China
24%
Who was the first African American NBA player? Earl Lloyd
14%
No matching quizzes found
Score Distribution
Percent of People with Each Score
Percentile by Number Answered
Your Score History
You have not taken this quiz